000 00715nam a22002297a 4500
003 UA-OsUOA
001 48686
007 ta
008 20130707b un ||||| |||| 00| 0 ukr d
090 _a082
_bК90
942 _cBK
040 _aUA-OsUOA
_bukr
_cUA-OsUOA
_dUA-OsUOA
245 _aКультурное наследие Древней Руси: истоки, становление, традиции
300 _a459 с.
955 _a1
041 _aukr
080 _a082
260 _aМ.
_bНаука
_c1976
650 7 _a08 Видання. Колективні праці
_2UDC
999 _c428808
_d428808